000 00949nam a2200289 i 4500
001 bg
100 1 _aPARTYKA, Marian A.
245 0 0 _aWybrane zagadnienia logiki i heurystyki w inżynierii projektowania i zarządzania /
_cMarian A. Partyka.
260 _aOpole :
_bWyższa Szkoła Inżynierska,
_c1996.
300 _a233 s. :
_brys., wykr. ;
_c24 cm.
490 1 _aSkrypt,
_x0860-9004 ;
_vnr 188
504 _aBibliogr. s. 232-233.
505 0 _aZawiera : T. 1 : Tablice decyzyjne. ; T. 2 : Tablice morfologiczne i wybrane zagadnienia systemowe.
650 9 _aHeurystyka
650 9 _aLogika
650 9 _aDecyzje
650 9 _aZarządzanie
_xteoria
650 9 _aOrganizacja
_xteoria
650 9 _aMaszyny
_xprojekty
655 _aPodręczniki akademickie
830 _aSkrypt,
_x0860-9004 ;
040 _cBPK
041 0 _apl
080 _a62-1/-8:65.01:519.8](075.8)
942 _cKS
008 s pl f |000 0 pol
999 _c24968
_d24968
856 _uhttp://koha.tu.koszalin.pl/cgi-bin/koha/opac-detail.pl?biblionumber=24968
_yKatalog online BPK